Indian Government and politics/ (Record no. 10936)

MARC details
000 -LEADER
fixed length control field 00616 a2200205 4500
010 ## - LIBRARY OF CONGRESS CONTROL NUMBER
LC control number ENG-89138
020 ## - INTERNATIONAL STANDARD BOOK NUMBER
International Standard Book Number 8124109060
Terms of availability 160.00
035 ## - SYSTEM CONTROL NUMBER
System control number EN-72671
037 ## - SOURCE OF ACQUISITION
Source of stock number/acquisition DBAD / PUB
082 ## - DEWEY DECIMAL CLASSIFICATION NUMBER
Classification number 320.954
090 ## - LOCALLY ASSIGNED LC-TYPE CALL NUMBER (OCLC); LOCAL CALL NUMBER (OCLC)
-- 11242
-- 11242
100 ## - MAIN ENTRY--PERSONAL NAME
Personal name Awasthy,S.S.
245 ## - TITLE STATEMENT
Title Indian Government and politics/
Statement of responsibility, etc by S S Awasthy
250 ## - EDITION STATEMENT
Edition statement 2nd rev. ed
260 ## - PUBLICATION, DISTRIBUTION, ETC. (IMPRINT)
Place of publication, distribution, etc New Delhi
Name of publisher, distributor, etc Har-Anand Publications
Date of publication, distribution, etc 2008(repr)
300 ## - PHYSICAL DESCRIPTION
Extent 520p.
Dimensions 22m (pbk)
500 ## - GENERAL NOTE
General note Includes index
942 ## - ADDED ENTRY ELEMENTS (KOHA)
Institution code [OBSOLETE] dpl
Koha item type English Books
Call number prefix 320.954/AWA
Holdings
Withdrawn status Lost status Source of classification or shelving scheme Damaged status Not for loan Collection code Home library Current library Source of acquisition Cost, normal purchase price Total Checkouts Full call number Barcode Date last seen Copy number Uniform Resource Identifier Cost, replacement price Price effective from Koha item type
    Dewey Decimal Classification   Not For Loan Non-fiction D.B.Act.Division D.B.Act.Division DBAD/PUB 160.00   320.954 AWA EN-72671 15/09/2008 1 12037 160.00 15/09/2008 English Books

© Delhi Public Library
Hit Counter
free hit counter